000 00725nam a2200205 i 4500
001 83401
003 ES-MaACL
005 20240527195144.0
007 t|
008 041116s1957 sp ||||1| spa d
100 1 _aIribarren, José María.
_965454
245 1 0 _aPamplona y los viajeros de otros siglos /
_cJosé María Iribarren.
260 _aPamplona :
_b[Gómez],
_c1957.
300 _a250 p., 78 lám. ;
_c24 cm.
500 _aPrecede al tít.: Diputación Foral de Navarra. Institución "Príncipe de Viana"
710 1 _aNavarra (Comunidad Autónoma).
_bDiputación Foral.
_95984
710 2 _aInstitución Príncipe de Viana
_94730
852 _aES-MaACL
_jC-12233
_bR.40328
999 _c83401
_d83401